000 00741 a2200205 4500
020 _a0898381029
020 _a0898381061 (pbk.)
040 _aDLC
_bDLC
082 0 0 _a355.0019
100 1 _aKellett, Anthony.
245 1 0 _aCombat motivation : the behavior of soldiers in battle
_bthe behavior of soldiers in battle
_cAnthony Kellett.
260 _aBoston :
_bKluwer-Nijhoff Pub. ;
_aHingham, Mass. :
_bDistributors for North America, Kluwer Boston,
_cc1982.
300 _axxi, 362 p. ;
_c24 cm.
440 0 _aInternational series in management science/operations research
500 _aIncludes index.
650 0 _aMorale.
650 0 _aPsychology, Military.
650 0 _aCombat
_xPsychological aspects.
942 _cBK
_k355.0019 KEL
_2ddc
999 _c10131
_d10131